Výstavba a modernizace Fakulty informatiky Masarykovy univerzity /

Hlavní autor: Víšek, Jiří, 1960-2022
Další autoři: Hejnová, Šárka, 1949-
Jazyk: Čeština
Vydáno: Brno : Masarykova univerzita, 2014
Vydání: 1. vyd.
Témata:
Fyzický popis: 10 s., [33] s. obr. příl. : il. (převážně barev.) ; 17 x 24 cm
Knihy
Uloženo v:
LEADER 02484nam a2200577 a 4500
001 nkc20142635941
003 CZ PrNK
005 20141204142158.0
007 ta
008 141114s2014 xr af e c 000 0dcze
020 |a 978-80-210-7064-6  |q (brož.) 
040 |a ABA001  |b cze 
043 |a e-xr---  |b e-xr-jm  |2 czenas 
045 |a x-y- 
072 7 |a 72  |x Architektura  |2 Konspekt  |9 21 
080 |a 727.3  |2 MRF 
080 |a 69.059.3  |2 MRF 
080 |a 69:005.54  |2 MRF 
080 |a (437.322)  |2 MRF 
080 |a (083.824)  |2 MRF 
080 |a (084.12)  |2 MRF 
100 1 |a Víšek, Jiří,  |d 1960-2022  |7 jn20000402662  |4 pht 
245 1 0 |a Výstavba a modernizace Fakulty informatiky Masarykovy univerzity /  |c ve fotografiích Jiřího Víška ; a textu Šárky Svobodové 
250 |a 1. vyd. 
260 |a Brno :  |b Masarykova univerzita,  |c 2014 
300 |a 10 s., [33] s. obr. příl. :  |b il. (převážně barev.) ;  |c 17 x 24 cm 
500 |a "Katalog k výstavě fotografií Jiřího Víška Výstavba a modernizace Fakulty informatiky Masarykovy univerzity v rámci výročí 20 let Fakulty informatiky Masarykovy univerzity"--Rub tit. s. 
500 |a 200 výt. 
610 2 7 |a Masarykova univerzita.  |b Fakulta informatiky  |7 kn20010709274  |2 czenas 
648 7 |a 20.-21. století  |7 ch462155  |2 czenas 
648 7 |a 2011-2020  |7 ch460589  |2 czenas 
648 7 |a 2012-2014  |7 ch967338  |2 czenas 
650 0 7 |a univerzitní budovy  |7 ph137181  |z Česko  |y 20.-21. století  |2 czenas 
650 0 7 |a rekonstrukce staveb  |7 ph223709  |z Česko  |y 2011-2020  |2 czenas 
650 0 7 |a realizace staveb  |7 ph203156  |z Česko  |y 2011-2020  |2 czenas 
650 0 9 |a college buildings  |z Czechia  |y 20th-21st centuries  |2 eczenas 
650 0 9 |a reconstruction of buildings  |z Czechia  |y 2011-2020  |2 eczenas 
650 0 9 |a buildings practice  |z Czechia  |y 2011-2020  |2 eczenas 
651 7 |a Brno (Česko)  |7 ge134084  |2 czenas 
651 9 |a Brno (Czechia)  |2 eczenas 
655 7 |a katalogy výstav  |7 fd132536  |2 czenas 
655 7 |a fotografické publikace  |7 fd132276  |2 czenas 
655 9 |a exhibition catalogs  |2 eczenas 
655 9 |a photographical works  |2 eczenas 
700 1 |a Hejnová, Šárka,  |d 1949-  |7 pna2012679048  |4 wfw 
910 2 |a BOA001  |b 2-1335.641 
990 |a BK 
995 |a 11 
991 |b 201412  |c NOV  |e n 
996 6 |b 2610612761  |c 2-1335.641  |l MZK  |r Sklad / do 1 hodiny  |n 1  |p p.v.  |w 001473055  |u 000010  |a 1  |e BOA001  |j MZK50  |s P 
996 7 |b 2610612762  |c 2-1335.641  |l MZK  |r Sklad / do 1 hodiny  |n 0  |p p.v.  |w 001473055  |u 000020  |a 1  |e BOA001  |j MZK50  |s A